[Event "6th Open"]
[Site "Voronezh RUS"]
[Date "2002.06.13"]
[Round "2"]
[White "Frolyanov,D"]
[Black "Chernyshov,K"]
[Result "0-1"]
[WhiteElo "2384"]
[BlackElo "2520"]

1.e4 c5 2.Nf3 Nc6 3.d4 cxd4 4.Nxd4 Nf6 5.Nc3 d6 6.Bg5 e6 7.Qd2 a6 8.O-O-O h6
9.Bf4 Bd7 10.Nxc6 Bxc6 11.Qe1 Qa5 12.f3 O-O-O 13.Bc4 g5 14.Be3 Bg7 15.Bd4 Nh5
16.Bxg7 Nxg7 17.Qe3 Nh5 18.Ne2 Qc5 19.Qxc5 dxc5 20.Rxd8+ Kxd8 21.c3 Ke7 22.Kd2 Rd8+
23.Ke3 f5 24.h4 f4+ 25.Kf2 Be8 26.hxg5 hxg5 27.g4 Nf6 28.Ke1 b5 29.Bb3 Nd7
30.Rh6 Bf7 31.Ng1 Ne5 32.Ke2 Rd3 33.Rh3 Re3+ 34.Kd2 Kf6 35.a3 Kg7 36.Ba2 a5
37.Bb3 b4 38.Ba2 bxc3+ 39.bxc3 a4 40.Rh2 Rxf3  0-1

[Event "6th Open"]
[Site "Voronezh RUS"]
[Date "2002.06.13"]
[Round "2"]
[White "Mozaliov,S"]
[Black "Provotorov,I"]
[Result "0-1"]
[WhiteElo "2411"]
[BlackElo "2307"]

1.e4 c5 2.Nf3 Nc6 3.d4 cxd4 4.Nxd4 Nf6 5.Nc3 d6 6.Bg5 e6 7.Qd2 a6 8.O-O-O h6
9.Be3 Be7 10.f4 Nxd4 11.Bxd4 b5 12.Qe3 Bb7 13.Bxf6 gxf6 14.Kb1 Qa5 15.Bd3 b4
16.Ne2 Qc5 17.Qh3 a5 18.f5 e5 19.Qg4 Kf8 20.Rc1 d5 21.exd5 Bxd5 22.Ng3 a4
23.c4 Bxg2 24.Rhg1 Qe3 25.Be4 h5 26.Qh4 Bxe4+ 27.Qxe4 Qa7 28.c5 a3 29.b3 Rc8
30.c6 Rg8 31.Rg2 Qd4 32.Qxd4 exd4 33.Rd2 Rg4 34.Nxh5 Rh4 35.Ng3 Bd6 36.Rc4 Bf4  0-1

[Event "6th Open"]
[Site "Voronezh RUS"]
[Date "2002.06.13"]
[Round "2"]
[White "Kotenko,P"]
[Black "Ovetchkin,R"]
[Result "0-1"]
[WhiteElo "2378"]
[BlackElo "2515"]

1.e4 c5 2.Nf3 Nc6 3.d4 cxd4 4.Nxd4 Nf6 5.Nc3 d6 6.Bg5 Bd7 7.Qd2 Rc8 8.O-O-O Nxd4
9.Qxd4 Qa5 10.f4 Rxc3 11.bxc3 e5 12.Qb4 Qxb4 13.cxb4 Nxe4 14.Bh4 g5 15.fxg5 Be7
16.Re1 d5 17.a3 h6 18.Bd3 Bf5 19.Rhf1 Bg6 20.c4 hxg5 21.cxd5 Rxh4 22.g3 Rg4
23.h3 Nd6 24.Bxg6 Rxg3 25.Bh5 e4 26.Kb2 Rxh3 27.Bg4 Nc4+ 28.Kb1 Rh4 29.Rg1 Nd6
30.Ref1 Rh2 31.Kc1 Bf8 32.Rg3 Bg7 33.Bf5 Ra2 34.Kd1 Ra1+ 35.Ke2 Rxf1 36.Kxf1 Nxf5
37.Rxg5 Ne3+ 38.Ke2 Bd4 39.Rg8+ Kd7 40.Rf8 f5 41.Rf7+ Kd6 42.Rxb7 f4  0-1

[Event "3rd IECC"]
[Site "Batumi GEO"]
[Date "2002.06.14"]
[Round "3"]
[White "Kinsic,O"]
[Black "Matnadze,A"]
[Result "1-0"]
[WhiteElo "2158"]
[BlackElo "2365"]

1.e4 c5 2.Nf3 d6 3.d4 cxd4 4.Nxd4 Nf6 5.Nc3 Nc6 6.Bg5 Bd7 7.Bc4 Qa5 8.Bxf6 gxf6
9.Nb3 Qg5 10.g3 f5 11.f4 Qg6 12.e5 dxe5 13.Qe2 e4 14.O-O-O O-O-O 15.Nc5 e5
16.Nxd7 Nd4 17.Rxd4 exd4 18.Ne5 Qg7 19.Nd5 Kb8 20.Qh5 f6 21.Nf7 Rc8 22.Bb3 Rg8
23.Qxf5 d3 24.Nxf6 e3 25.Nd7+ Ka8 26.Qxd3 Bb4 27.Nfe5 Rgd8 28.c3 Re8 29.Bd5 Rc7
30.Kb1 e2 31.Re1 Ba5 32.Qb5 Re7 33.Qxa5 Rcxd7 34.Nxd7 Qg6+ 35.Kc1 Rxd7 36.Rxe2 Kb8
37.c4 a6 38.Qc3 Rd8 39.Qe5+ Ka7 40.Qe7 Rb8 41.Qe3+ Ka8 42.Qe6  1-0

[Event "6th Open"]
[Site "Voronezh RUS"]
[Date "2002.06.15"]
[Round "4"]
[White "Amonatov,F"]
[Black "Chernyshov,K"]
[Result "1/2-1/2"]
[WhiteElo "2453"]
[BlackElo "2520"]

1.e4 c5 2.Nf3 Nc6 3.d4 cxd4 4.Nxd4 Nf6 5.Nc3 d6 6.Bg5 e6 7.Qd2 a6 8.O-O-O h6
9.Be3 Nxd4 10.Bxd4 b5 11.f3 Bb7 12.Kb1 b4 13.Na4 Bc6 14.Nb6 Rb8 15.Nc4 d5
16.Ne5 Bb7 17.Bxa6 Bxa6 18.Nc6 Qc7 19.Nxb8 Qxb8 20.Bxf6 gxf6 21.exd5 Qd6
22.Rhe1 e5 23.f4 Be7 24.Re4 Bb7 25.Qe3 Kd7 26.fxe5 fxe5 27.Rxe5 Rg8 28.Rxe7+ Qxe7
29.Qb6 Kc8 30.d6 Qd7 31.g3 Rg4 32.b3 Re4 33.Rd3 f5 34.a3 Re1+ 35.Ka2 Re2
36.Qc5+ Kb8 37.axb4 Qc8 38.Kb2 Qxc5 39.bxc5 Kc8 40.h4 Kd7 41.b4 Be4 42.Rc3 Bc6
43.Ra3 Be4 44.Ra7+ Kd8 45.Kc3 Rxc2+ 46.Kd4 Rb2 47.Rh7 Rxb4+ 48.Ke5 Bc6 49.Rh8+ Kd7
50.Kxf5 Rc4 51.Rh7+ Kd8 52.Ke6 Rxc5 53.Rh8+ Be8 54.d7 Rc6+ 55.Kd5 Kxd7 56.Rxe8 Rd6+
57.Ke5 Rg6 58.Rh8 Rxg3 59.Kf6 Rf3+ 60.Kg7 Ke7  1/2-1/2

[Event "3rd IECC"]
[Site "Batumi GEO"]
[Date "2002.06.16"]
[Round "5"]
[White "Asrian,K"]
[Black "Mamedov,N"]
[Result "1/2-1/2"]
[WhiteElo "2591"]
[BlackElo "2463"]

1.e4 c5 2.Nf3 d6 3.d4 cxd4 4.Nxd4 Nf6 5.Nc3 Nc6 6.Bg5 e6 7.Qd2 a6 8.O-O-O h6
9.Be3 Be7 10.f4 Bd7 11.Bd3 Qc7 12.Kb1 b5 13.h3 Nxd4 14.Bxd4 e5 15.Be3 exf4
16.Bxf4 Be6 17.Nd5 Bxd5 18.exd5 Nd7 19.Rhe1 Ne5 20.Qf2 O-O 21.Bxh6 Nxd3 22.Qg3 Bf6
23.Rxd3 Rac8 24.c3 Rfe8 25.Rf1 Be5 26.Bf4 Qc4 27.Bxe5 Rxe5 28.Qf3 Rc7 29.Rd4 Qc5
30.a3 Rce7 31.Qd3 Re3 32.Qc2 a5 33.Rh4 g6 34.Qd2 R7e5 35.Rd1 R3e4 36.Rxe4 Rxe4
37.Qd3 f5 38.g4 Re3 39.Qc2 Re5 40.gxf5 Rxf5 41.Qe4 Kg7 42.h4 Re5 43.Qg4 Qc7
44.Qd4 Kh7 45.Qd3 Qd7 46.Rf1 Kg7 47.Qd4 Qb7 48.Rd1 Kh7 49.Ka1 Qe7 50.Qb6 Re1
51.Rxe1 Qxe1+ 52.Ka2 Qe2 53.Qd4 a4  1/2-1/2

[Event "3rd IECC"]
[Site "Batumi GEO"]
[Date "2002.06.17"]
[Round "6"]
[White "Kinsic,O"]
[Black "Olcayoz,A"]
[Result "1-0"]
[WhiteElo "2158"]
[BlackElo "2294"]

1.e4 c5 2.Nf3 d6 3.d4 cxd4 4.Nxd4 Nf6 5.Nc3 Nc6 6.Bg5 e6 7.Qd2 a6 8.O-O-O Bd7
9.f4 h6 10.Bxf6 Qxf6 11.Nf3 Qd8 12.Bd3 Be7 13.Kb1 Qa5 14.Rhe1 O-O-O 15.Bc4 Qc5
16.Bb3 Na5 17.Qe2 Kb8 18.f5 Nxb3 19.cxb3 Bf6 20.Rc1 Qa5 21.fxe6 Bxe6 22.Red1 Rhe8
23.Qf2 Qb4 24.Nd4 Qb6 25.Na4 Qa7 26.Nb6 Bg4 27.Re1 Bd7 28.Nf3 Bc6 29.Nd2 Bg5
30.Rc2 f5 31.Ndc4 Bxe4 32.Rxe4 Rxe4 33.a4 Be3 34.Qxf5 Bxb6 35.Qxe4 d5 36.Qf4+ Bc7
37.Ne5 Qb6 38.Qf5 Ka7 39.Nd3 d4 40.g3 Bd6 41.Ka2 Bb8 42.Qe4 Qd6 43.Rc5 Bc7
44.Rc4 a5 45.Nc5 Qd5 46.Qe7 Qe5 47.Qxe5 Bxe5 48.Nd3 Bf6 49.Rc5 b6 50.Rc7+ Kb8
51.Rc6 Kb7 52.Re6 Rd5 53.b4 axb4 54.Kb3 Rh5 55.h4 Rf5 56.Kxb4 Rf3 57.Kc4 Rxg3
58.b4 Re3 59.Rd6 Kc7 60.Rd5 Bxh4 61.Kxd4 Re6 62.Kc4 Rd6 63.Rf5 Bf6 64.Nf4 Kc6
65.Nd5 Re6 66.b5+ Kb7 67.Rf4 h5 68.Nb4 h4 69.Kd5 Re5+ 70.Kd6 Re2 71.Rc4 Be5+
72.Kd7 h3 73.Nc6 Rd2+ 74.Ke6 Bg3 75.Rg4 h2 76.Rxg7+ Bc7 77.Rh7 Rd1  1-0

[Event "3rd IECC"]
[Site "Batumi GEO"]
[Date "2002.06.18"]
[Round "7"]
[White "Socko,B"]
[Black "Kotronias,V"]
[Result "1-0"]
[WhiteElo "2564"]
[BlackElo "2580"]

1.e4 c5 2.Nf3 Nc6 3.d4 cxd4 4.Nxd4 Nf6 5.Nc3 d6 6.Bg5 e6 7.Qd2 Be7 8.O-O-O O-O
9.f3 a6 10.h4 Nxd4 11.Qxd4 b5 12.Kb1 Qc7 13.g4 Rd8 14.h5 b4 15.Ne2 Rb8 16.Qd2 h6
17.Bh4 e5 18.Ng3 Be6 19.Bd3 d5 20.g5 hxg5 21.Bxg5 a5 22.Rdg1 b3 23.axb3 a4
24.Nf5 Bxf5 25.exf5 axb3 26.h6 Qa7 27.cxb3 Ra8 28.Bxf6 Qa1+ 29.Kc2 Rdc8+
30.Bc4 Rxc4+ 31.bxc4 Qa4+ 32.b3 Qa2+ 33.Kd1 Qxb3+ 34.Ke1 Ra1+ 35.Kf2 Rxg1
36.Rxg1 Qb6+ 37.Kf1 Bxf6 38.hxg7 Qb1+ 39.Kg2 Qxf5 40.Qh6 Bxg7 41.Kh2 Qh7
42.Qxh7+ Kxh7 43.cxd5 Bf8 44.Rg4 Be7 45.Kg1 f5 46.Rg2 e4 47.fxe4 fxe4 48.Kf2 Bc5+
49.Ke2 e3 50.Kd3  1-0

[Event "3rd IECC"]
[Site "Batumi GEO"]
[Date "2002.06.20"]
[Round "8"]
[White "Mamedov,N"]
[Black "Mchedlishvili,M"]
[Result "0-1"]
[WhiteElo "2463"]
[BlackElo "2540"]

1.e4 c5 2.Nf3 d6 3.d4 cxd4 4.Nxd4 Nf6 5.Nc3 Nc6 6.Bg5 e6 7.Qd2 Qb6 8.Nb3 a6
9.O-O-O Be7 10.f4 O-O 11.Bxf6 Bxf6 12.Kb1 Rd8 13.Bd3 Qb4 14.Ne2 Qxd2 15.Rxd2 Nb4
16.Rhd1 Be7 17.a3 Nxd3 18.Rxd3 Bd7 19.Na5 Rab8 20.e5 d5 21.Nd4 Rdc8 22.Nab3 Bd8
23.Nd2 Bb6 24.N2f3 Ba7 25.Re1 Rc4 26.c3 Rbc8 27.g3 a5 28.Rc1 R4c7 29.Re3 Kf8
30.b3 Bc5 31.Kb2 b5 32.Rc2 Bb6 33.Rd2 Ke7 34.Rd1 Bc5 35.Rd2 h6 36.Red3 Ba7
37.b4 Bb6 38.Nc2 Ra8 39.Nfd4 Rca7 40.Re2 axb4 41.axb4 Ra2+ 42.Kc1 Bxd4 43.cxd4 Rc8
44.Kb1 Ra4 45.Ree3 f6 46.Rc3 Rc4 47.Rxc4 dxc4 48.Ra3 Rxa3 49.Nxa3 Kf7 50.Kc1 Kg6
51.Kd2 Kf5 52.Ke3 Kg4 53.exf6 gxf6 54.Nb1 Kh3 55.f5 exf5 56.Nc3 Kxh2 57.Kf2 f4
58.gxf4 h5 59.d5 h4 60.Ne4 Kh3 61.Kf3 Bg4+ 62.Kf2 Bf5 63.Kf3 Kh2 64.d6 Kg1
65.Nc3 Bd7 66.f5 h3 67.Ne2+ Kf1 68.Ng3+ Ke1 69.Ne4 Bxf5 70.Kg3 Be6 71.Nc5 Bc8
72.Ne4 f5  0-1

[Event "3rd IECC"]
[Site "Batumi GEO"]
[Date "2002.06.20"]
[Round "8"]
[White "Sulskis,S"]
[Black "Shengelia,D"]
[Result "1/2-1/2"]
[WhiteElo "2577"]
[BlackElo "2415"]

1.e4 c5 2.Nf3 d6 3.d4 cxd4 4.Nxd4 Nf6 5.Nc3 Nc6 6.Bg5 e6 7.Qd2 a6 8.O-O-O Nxd4
9.Qxd4 Be7 10.Kb1 b5 11.f3 O-O 12.h4 Qa5 13.Qd2 b4 14.Ne2 e5 15.Nc1 Be6 16.g3 Rfd8
17.Bxf6 Bxf6 18.Bh3 Bc4 19.Qe1 Qb6 20.b3 Be6 21.Nd3 a5 22.Bxe6 fxe6 23.Nb2 Rac8
24.Rh2 d5 25.Rhd2 Qb7 26.Rd3 Rc5 27.R1d2 Rc3 28.Nd1 d4 29.Nb2 Qc7 30.Qf2 Rc8
31.Na4 Qc6 32.Qe2 Qc7 33.Qd1 Rc6 34.Rf2 Qe7 35.h5 Qc7 36.Qc1 h6 37.f4 exf4
38.gxf4 e5 39.f5 Qb7 40.Qd1 R6c7 41.Qf3 Rc3 42.Rg2 Qc6 43.Qe2 Qb7 44.Nxc3 bxc3
45.Rg6 Qe7 46.Qf1 Bg5 47.Rxg5 Qxg5 48.Rf3 Rc6 49.a4 Qxh5 50.Rg3 Rb6 51.Ka2 Qf7
52.Qg2 Rb4 53.Kb1 Rb6 54.Ka2 Kh7 55.Qf1 Rb4 56.Qa6 Rxa4+ 57.Kb1 Rb4 58.Kc1 a4
59.bxa4 Rb8 60.a5 Qe7 61.Kd1 Rb7 62.Qg6+ Kh8 63.a6 Ra7 64.Ke2 Qf6 65.Qe8+ Kh7
66.Qg6+ Kh8 67.Qe8+ Kh7 68.Qg6+ Kh8  1/2-1/2

[Event "6th Open"]
[Site "Voronezh RUS"]
[Date "2002.06.20"]
[Round "8"]
[White "Kokarev,D"]
[Black "Chernyshov,K"]
[Result "1/2-1/2"]
[WhiteElo "2478"]
[BlackElo "2520"]

1.e4 c5 2.Nf3 d6 3.d4 cxd4 4.Nxd4 Nf6 5.Nc3 Nc6 6.Bg5 e6 7.Qd2 a6 8.O-O-O h6
9.Be3 Ng4 10.Nxc6 bxc6 11.Bc5 Bb7 12.h3 Qa5 13.Bxd6 O-O-O 14.Bc7 Qxc7 15.Qxd8+ Qxd8
16.Rxd8+ Kxd8 17.hxg4 Bc5 18.f3 Ke7 19.Bd3 Rd8 20.Kd2 a5 21.Rh5 Bb6 22.Na4 Bc7
23.Nc5 Bc8 24.Ke2 f6 25.Nb3 e5 26.Bc4 Bb6 27.a4 Bd7 28.Rh1 Rh8 29.Nd2 Bd4
30.c3 Bc5 31.b3 Rd8 32.Rb1 Rb8 33.Nf1 Kd8 34.Ne3 Kc7 35.Nf5 Bf8 36.Ne3 Bc8
37.Nc2 Ra8 38.Ne1 Bd6 39.Nd3 Bf8 40.Kd2 Bd6 41.Kc2 Bf8 42.Rd1 Bd6 43.Nb2 Rb8
44.Bf7 Ba6 45.Nc4 Bxc4 46.Bxc4 Rd8 47.Be6 Re8 48.Bf5 Rd8 49.Rd2 Rb8 50.Rd1 Rd8
51.Rb1 Rb8 52.Kd3 Rd8 53.Kc4 Ra8 54.Rd1 Rb8 55.g3 Rb7 56.Rf1 Rb8 57.f4 Ra8
58.Rf3 Rb8 59.Bg6 Rf8 60.Rf1 Rb8 61.g5 exf4 62.gxf4 hxg5 63.fxg5 Be5 64.Rf3 Rd8
65.Bf5 fxg5 66.Rd3 Bd6 67.b4 axb4 68.cxb4 g6 69.Bxg6 g4 70.e5 Bxe5 71.Rxd8 Kxd8
72.b5  1/2-1/2

[Event "3rd IECC"]
[Site "Batumi GEO"]
[Date "2002.06.22"]
[Round "10"]
[White "Kinsic,O"]
[Black "Arutunian,D"]
[Result "0-1"]
[WhiteElo "2158"]
[BlackElo "2427"]

1.e4 c5 2.Nf3 Nc6 3.d4 cxd4 4.Nxd4 Nf6 5.Nc3 d6 6.Bg5 e6 7.Qd2 a6 8.O-O-O Bd7
9.f4 Qc7 10.Nf3 O-O-O 11.Bd3 Be7 12.Rhe1 h6 13.Bh4 Kb8 14.e5 dxe5 15.fxe5 Nd5
16.Nxd5 exd5 17.Bxe7 Nxe7 18.Qf4 Be6 19.Nd4 Nc6 20.Nxc6+ Qxc6 21.Qd4 Rc8
22.Rf1 Qd7 23.Rd2 Qe7 24.Kb1 Rc5 25.Rdf2 Rhc8 26.c3 Qd7 27.Rf4 Qd8 28.g3 Ka8
29.Bc2 g5 30.R4f2 Rc4 31.Qd3 Re4 32.Re2 Rxe2 33.Qxe2 d4 34.cxd4 Qxd4 35.Rd1 Qc5
36.a3 Kb8 37.h4 gxh4 38.gxh4 h5 39.Qe4 Qf2 40.Bd3 Rd8 41.Rf1 Qb6 42.Rc1 Rd4
43.Qe3 Qd8 44.Bc2 Qxh4 45.Rd1 Rxd1+ 46.Bxd1 Bd5 47.Kc1 Qc4+ 48.Kd2 h4 49.Be2 Qc6
50.Qf4 Qc7 51.Qxh4 Qxe5 52.Qb4 Ka7 53.Bd3 Bc6 54.Kc2 f5 55.Qf8 f4 56.b4 Ba4+
57.Kd2 Qb2+ 58.Ke1 Qc1+ 59.Kf2 Qe3+ 60.Kg2 Bc6+  0-1

[Event "Essent ch-NED"]
[Site "Leeuwarden NED"]
[Date "2002.06.22"]
[Round "3"]
[White "Van der Wiel,J"]
[Black "Nijboer,F"]
[Result "1/2-1/2"]
[WhiteElo "2509"]
[BlackElo "2578"]

1.e4 c5 2.Nf3 Nc6 3.d4 cxd4 4.Nxd4 Nf6 5.Nc3 d6 6.Bg5 e6 7.Qd2 a6 8.O-O-O Bd7
9.f4 h6 10.Bh4 g5 11.fxg5 Ng4 12.Nxc6 Bxc6 13.g3 hxg5 14.Bxg5 Qxg5 15.Qxg5 Bh6
16.Qxh6 Rxh6 17.Rxd6 Nf2 18.Rg1 Rxh2 19.Rd2 Ke7 20.Bg2 Ng4 21.Bf3 Rxd2 22.Kxd2 Rd8+
23.Ke2 Ne5 24.Rd1 Rh8 25.Rh1 Rg8 26.Kf2 b5 27.a3 a5 28.Rh5 Kd6 29.Bg2 b4
30.axb4 axb4 31.Ne2 Ng4+ 32.Ke1 Ne3 33.e5+ Kc5 34.Bxc6 Kxc6 35.Rh7 Rf8 36.Nd4+ Kd5
37.Ke2 Nc4 38.Nf3 Nxe5 39.Rh5 f5 40.Nxe5 Kxe5 41.Rh4 Rb8 42.Kf3 Kf6 43.g4 b3
44.Rh2 fxg4+ 45.Kxg4 Ke5 46.Kf3 bxc2 47.Rxc2 Rb3+ 48.Rc3 Rxb2 49.Ke3 Kf5
50.Rc5+ e5 51.Rc4 Rb3+ 52.Ke2 Ra3 53.Rb4 Rc3 54.Ra4 Rc5 55.Ke3 e4 56.Rxe4 Re5
57.Rxe5+ Kxe5  1/2-1/2

[Event "3rd IECC"]
[Site "Batumi GEO"]
[Date "2002.06.23"]
[Round "11"]
[White "Galkin,A"]
[Black "Shengelia,D"]
[Result "1/2-1/2"]
[WhiteElo "2569"]
[BlackElo "2415"]

1.e4 c5 2.Nf3 d6 3.d4 cxd4 4.Nxd4 Nf6 5.Nc3 Nc6 6.Bg5 e6 7.Qd2 a6 8.O-O-O Nxd4
9.Qxd4 Be7 10.f4 b5 11.Be2 Rb8 12.e5 dxe5 13.Qxe5 Qb6 14.f5 Rb7 15.Bf3 Rc7
16.fxe6  1/2-1/2

[Event "3rd IECC"]
[Site "Batumi GEO"]
[Date "2002.06.23"]
[Round "11"]
[White "Goloshchapov,A"]
[Black "Mamedov,N"]
[Result "1/2-1/2"]
[WhiteElo "2543"]
[BlackElo "2463"]

1.e4 c5 2.Nf3 d6 3.d4 cxd4 4.Nxd4 Nf6 5.Nc3 Nc6 6.Bg5 e6 7.Qd2 Qb6 8.Nb3 a6
9.O-O-O Be7 10.f3 Qc7 11.g4 b5 12.Be3 Bb7 13.Kb1 Ne5 14.Be2 Rc8 15.a3 Nfd7
16.f4 Nc4 17.Bxc4 bxc4 18.Nc1 Bc6 19.Rhe1 Qb7 20.Bd4 O-O 21.g5 e5 22.Bf2 exf4
23.Qxf4 Rb8 24.b4 cxb3 25.cxb3 Ne5 26.Bd4 f6 27.gxf6 Bxf6 28.Qg3 Qf7 29.Re2 Bb5
30.Rb2 Qh5 31.Rdd2 Bh4 32.Qg2 Bf1 33.Qg1 Rf7 34.Bf2 Nf3 35.Qxf1 Nxd2+ 36.Rxd2 Qf3
37.Nd3 Rxb3+ 38.Kc2 Rfb7 39.Qg1 Rxc3+ 40.Kxc3 Qxe4 41.Bxh4 Qxh4 42.Nb4 a5
43.Nd5 Qa4 44.Qd1 Qxa3+ 45.Kd4 Qc5+ 46.Ke4 Qc8 47.Qh5 Qc4+ 48.Rd4 Qc2+ 49.Rd3 Rf7
50.Qg4 g6 51.Qe6 Qc4+ 52.Rd4 Qc2+ 53.Rd3 Qe2+ 54.Ne3 Qf3+ 55.Kd4 Qf4+ 56.Kc3 Qb4+
57.Kc2 Kg7 58.Nd1 a4 59.Qxd6 Qxd6 60.Rxd6 Rf3 61.Rd2 h5 62.Nb2 a3 63.Nd3 Kf6
64.Kc3 g5 65.Kd4 Rh3 66.Rf2+ Kg7 67.Ke4 g4 68.Nf4 Rf3 69.Rc2 h4 70.h3 Rb3
71.hxg4 Rb4+ 72.Ke3 Ra4 73.Ra2 h3 74.Kf3 h2 75.Nh5+ Kg6 76.Ng3 Kg5 77.Kg2 Kxg4
78.Kxh2 Kf4 79.Ne2+ Kg4 80.Kh1 Kf3 81.Nc3 Ra5 82.Nb1 Ke3 83.Nxa3 Kd3 84.Rh2 Re5
85.Nc2 Kc3 86.Kg1 Rg5+ 87.Kf1 Rf5+ 88.Ke1 Re5+ 89.Kd1 Rd5+ 90.Kc1 Rd3 91.Rh8 Rg3
92.Rc8+ Kd3 93.Kb2 Rg2 94.Kb3 Ke4 95.Re8+ Kf4 96.Nd4 Rd2 97.Kc3 Ra2 98.Ne2+ Kf5
99.Kd3 Ra3+ 100.Nc3 Rb3 101.Kc4 Rb7 102.Ne4 Kf4 103.Nc5 Kf5 104.Rf8+ Kg6
105.Ne4 Ra7 106.Kd4 Ra5 107.Rf6+ Kg7 108.Ke3 Re5 109.Ra6 Rf5 110.Ng3 Rb5
111.Kf4 Kf7 112.Nf5 Rb1 113.Nd6+ Ke6 114.Ne4+ Ke7 115.Nc3 Rc1 116.Ne4 Rb1
117.Nc5 Rb5 118.Rc6 Rb1 119.Ke5 Re1+ 120.Ne4 Kf7 121.Ra6 Kg7 122.Kf4 Rb1
123.Ng3 Kf7 124.Ne4 Ke7 125.Nc3 Re1 126.Ne4 Rb1  1/2-1/2

[Event "3rd IECC"]
[Site "Batumi GEO"]
[Date "2002.06.23"]
[Round "11"]
[White "Karadeniz,E"]
[Black "Guseinov,K"]
[Result "0-1"]
[WhiteElo "2307"]
[BlackElo "2510"]

1.e4 c5 2.Nf3 Nc6 3.d4 cxd4 4.Nxd4 Nf6 5.Nc3 d6 6.Bg5 e6 7.Qd2 Be7 8.O-O-O O-O
9.f4 Nxd4 10.Qxd4 Qa5 11.Bc4 b5 12.Bxb5 Rb8 13.e5 dxe5 14.fxe5 Rxb5 15.exf6 Bc5
16.Qa4 Qxa4 17.Nxa4 Bb4 18.fxg7 Kxg7 19.Bd2 Bb7 20.Bxb4 Rxb4 21.Nc5 Bd5 22.b3 Rg4
23.Rhg1 h5 24.g3 Rh8 25.h3 Rg5 26.Nd3 e5 27.h4 Rf5 28.Nc5 Bf3 29.Rd7 Re8
30.Rxa7 e4 31.b4 e3 32.Re1 Bd5 33.a4 Rf3 34.Rd7 Bc6 35.Rd6 Ba8 36.b5 Rc8
37.Nb3 Rxg3 38.Nd4 Be4 39.b6 Kf8 40.Rd7 Ke8 41.Rc7 Rxc7 42.bxc7 Kd7 43.Nb5 Bb7
44.Kb2 f5 45.Rd1+ Kc6 46.Rd8 f4 47.c8=Q+ Bxc8 48.Rxc8+ Kd7 49.Rc7+ Kd8 50.Kc3 e2+
51.Kd2 f3 52.Rc3 Rg1 53.Rd3+ Kc8 54.Nd6+ Kb8 55.Rb3+ Ka8  0-1

[Event "Essent ch-NED"]
[Site "Leeuwarden NED"]
[Date "2002.06.25"]
[Round "5"]
[White "Tiviakov,S"]
[Black "Nijboer,F"]
[Result "1-0"]
[WhiteElo "2625"]
[BlackElo "2578"]

1.e4 c5 2.Nf3 Nc6 3.d4 cxd4 4.Nxd4 Nf6 5.Nc3 d6 6.Bg5 e6 7.Qd2 a6 8.O-O-O Bd7
9.f4 h6 10.Bh4 g5 11.fxg5 Ng4 12.Be2 Nge5 13.Nf3 Be7 14.Rhg1 b5 15.Kb1 Rb8
16.b3 Rc8 17.Rdf1 Ng6 18.Bg3 Qa5 19.Nd1 Qxd2 20.Nxd2 hxg5 21.Ne3 Nd4 22.Bd1 Nf4
23.Re1 Bf6 24.Ng4 Bg7 25.e5 Nf5 26.Ne4 dxe5 27.Ngf6+ Ke7 28.Nxd7 Kxd7 29.Nxg5 Nxg3
30.hxg3 Nd5 31.Nxf7 Rhf8 32.Nxe5+ Kd6 33.Nd3 Nc3+ 34.Kc1 Nxa2+ 35.Kb1 Nc3+
36.Kc1 Bh6+ 37.Kb2 Bd2 38.Ref1 e5 39.Bg4 Ra8 40.Rd1 Nxd1+ 41.Rxd1 Be3 42.Nb4+ Kc5
43.Nd3+ Kd6 44.Nb4+ Bd4+ 45.c3 Rf2+ 46.Kb1 Rg8 47.Bf3 a5 48.Na2 Rxg3 49.Nc1 a4
50.cxd4 e4 51.Bxe4 axb3 52.Bf3 Rg7 53.Nxb3 Rgxg2 54.Bxg2 Rxg2 55.Rc1 b4 56.Rc5 Rg1+
57.Kc2 Rg3  1-0

[Event "Essent ch-NED"]
[Site "Leeuwarden NED"]
[Date "2002.06.27"]
[Round "7"]
[White "Tiviakov,S"]
[Black "Van der Wiel,J"]
[Result "1/2-1/2"]
[WhiteElo "2625"]
[BlackElo "2509"]

1.e4 c5 2.Nf3 d6 3.d4 cxd4 4.Nxd4 Nf6 5.Nc3 Nc6 6.Bg5 e6 7.Qd2 a6 8.O-O-O Bd7
9.f4 h6 10.Bh4 g5 11.fxg5 Ng4 12.Be2 Nge5 13.Nf3 Be7 14.Rhg1 b5 15.Kb1 Rb8
16.Rdf1 b4 17.Na4 Ng6 18.Bg3 hxg5 19.Bxd6 g4 20.Ne1 Bxd6 21.Qxd6 Nce5 22.Nc5 Bb5
23.Qxd8+ Kxd8 24.Ned3 Rxh2 25.Bxg4 Nxg4 26.Rxf7 Rb6 27.Nxb4 Be8 28.Rg7 Nf6
29.Nbxa6 Rh7 30.Nc7 Bf7 31.N7xe6+ Ke7 32.Rxh7 Nxh7 33.Nd4 Ng5 34.Nf5+ Ke8
35.Rd1 Rc6 36.Nb7 Be6 37.Nbd6+ Kf8 38.b3 Ne5 39.Rf1 Rc5 40.c4 Nef7 41.Nd4 Ke7
42.Nxf7 Nxf7 43.Nf3 Rc8 44.Kb2 Rg8 45.Rf2 Nd6 46.Re2 Rg4 47.Nd2 Rg3 48.a4 Nb7
49.Ka3 Rd3 50.Kb4 Nd8 51.Kc5 Bg4 52.Rf2 Ne6+ 53.Kb6 Bd1 54.b4 Rd6+ 55.Ka5 Rd8
56.b5 Nc5 57.Rf5 Nb7+ 58.Kb6 Rxd2 59.Kxb7 Bxa4 60.g3 Rd4 61.Rc5 Rxe4 62.Rc7+ Kd6
63.b6 Rg4 64.Ka7 Bc6 65.b7 Rxc4 66.b8=Q Ra4+ 67.Kb6 Rb4+ 68.Ka7 Ra4+  1/2-1/2

[Event "30th World Open"]
[Site "Philadelphia USA"]
[Date "2002.06.29"]
[Round "1"]
[White "Kelleher,J"]
[Black "Casella,M"]
[Result "0-1"]
[WhiteElo "2149"]
[BlackElo "2287"]

1.e4 c5 2.Nf3 Nc6 3.d4 cxd4 4.Nxd4 Nf6 5.Nc3 d6 6.Bg5 a6 7.Qd2 e6 8.O-O-O Bd7
9.f4 b5 10.Bxf6 gxf6 11.f5 Nxd4 12.Qxd4 Bh6+ 13.Kb1 Bf4 14.Be2 Ke7 15.Bf3 Qc7
16.Rd3 Rac8 17.fxe6 fxe6 18.Bd1 Qc5 19.Ne2 Be5 20.Qe3 Qxe3 21.Rxe3 b4 22.g3 Rc4
23.Re1 a5 24.Nf4 Rhc8 25.Nd3 Bd4 26.R3e2 a4 27.Rd2 Bb5 28.Nc1 Be5 29.Nd3 Rd4
30.Rg2 Rxd3 31.cxd3 Bxd3+ 32.Bc2 Rxc2 33.Rxc2 b3 34.axb3 axb3 35.Kc1 Bxc2
36.Re3 Kd7 37.h4 Kc6 38.Rf3 Kc5 39.g4 Kd4 40.g5 fxg5 41.hxg5 Kxe4  0-1

[Event "Match Olympiad Hopes Schev"]
[Site "Belgrade YUG"]
[Date "2002.06.30"]
[Round "5"]
[White "Solak,D"]
[Black "Damljanovic,B"]
[Result "0-1"]
[WhiteElo "2522"]
[BlackElo "2548"]

1.e4 c5 2.Nf3 Nc6 3.d4 cxd4 4.Nxd4 Nf6 5.Nc3 d6 6.Bg5 e6 7.Qd2 Be7 8.O-O-O O-O
9.Nb3 Qb6 10.f3 Rd8 11.Nb5 Rd7 12.Be3 Qd8 13.N5d4 a5 14.a4 e5 15.Nxc6 bxc6
16.Qc3 Qc7 17.g4 d5 18.Bc5 d4 19.Qe1 Bxc5 20.Nxc5 Re7 21.Bc4 Nd7 22.Nxd7 Bxd7
23.g5 Be6 24.Qe2 Qd6 25.b3 Rb7 26.Bxe6 fxe6 27.g6 Qa3+ 28.Kd2 Qb4+ 29.Kc1 Qc3
30.gxh7+ Kh8 31.Qc4 Qxc4 32.bxc4 Rb4 33.Rhg1 Rxa4 34.Rg5 Ra1+ 35.Kd2 Rxd1+
36.Kxd1 a4 37.Kc1 Ra5 38.Rg6 Kxh7 39.Rxe6 Rc5 40.Kb2 Kg8 41.c3 Rxc4 42.cxd4 exd4
43.Ka3 Kf7 44.Rd6 Ke7 45.e5 g5 46.h4 gxh4 47.f4 h3 48.f5 h2 49.Re6+ Kf8 50.Rh6 Rc5
51.Rxh2 Rxe5 52.Kxa4 Rxf5 53.Kb4 c5+ 54.Kc4 Kg7 55.Re2 Kf6 56.Re8 Kg5 57.Re4 Kf6
58.Re8 Re5 59.Rf8+ Kg5 60.Rf1 Kg4 61.Rf8 Kg3 62.Rf7 Kg2 63.Rf8 Re2 64.Rf5 Rc2+
65.Kd3 Rc3+  0-1

[Event "Milivoj Petrov Mem"]
[Site "Pancevo YUG"]
[Date "2002.06.30"]
[Round "7"]
[White "Fontaine,R"]
[Black "Micic,C"]
[Result "1/2-1/2"]
[WhiteElo "2484"]
[BlackElo "2411"]

1.e4 c5 2.Nf3 d6 3.d4 cxd4 4.Nxd4 Nf6 5.Nc3 Nc6 6.Bg5 e6 7.Qd2 Be7 8.O-O-O Nxd4
9.Qxd4 O-O 10.f4 Qa5 11.Bc4 Bd7 12.e5 dxe5 13.fxe5 Bc6 14.Bd2 Bc5 15.Qh4 Nd7
16.Ne4 Qd8 17.Nf6+ Nxf6 18.Bg5 Qb6 19.exf6 Bf2 20.Qh5 Be4 21.fxg7 Rfc8 22.Qe2 Bg6
23.Kb1 Bd4 24.Bc1 Rc6 25.Bd3 Rac8 26.Rd2 Bxg7 27.Bxg6 hxg6 28.Qf2 Qxf2 29.Rxf2  1/2-1/2

[Event "1st Open"]
[Site "La Fere FRA"]
[Date "2002.07.03"]
[Round "6"]
[White "Gaponenko,I"]
[Black "Te Llalemand,R"]
[Result "1-0"]
[WhiteElo "2418"]
[BlackElo "2300"]

1.e4 c5 2.Nf3 Nc6 3.d4 cxd4 4.Nxd4 Nf6 5.Nc3 d6 6.Bg5 e6 7.Qd2 a6 8.O-O-O h6
9.Be3 Nxd4 10.Bxd4 b5 11.f3 Bd7 12.Bd3 b4 13.Ne2 Qa5 14.Kb1 e5 15.Bf2 Be6
16.Nc1 d5 17.exd5 Nxd5 18.Nb3 Qc7 19.Be4 Rd8 20.Qe2 Be7 21.Bg3 Nf4 22.Rxd8+ Bxd8
23.Bxf4 exf4 24.Bd5 O-O 25.Bxe6 fxe6 26.Qxe6+ Kh8 27.Qxa6 Qe5 28.Nc1 Bf6
29.Nd3 Qe2 30.Re1 Qd2 31.Qe6 Bh4 32.Rc1 Qxg2 33.Qe4 Qxh2 34.Ne5 Rb8 35.Rd1 Bf6
36.Ng6+ Kg8 37.Nxf4 Bg5 38.Nd3 Qd6 39.Re1 h5 40.Qf5  1-0

[Event "XX Open"]
[Site "Andorra la Vella AND"]
[Date "2002.07.08"]
[Round "3"]
[White "Collas,D"]
[Black "Campos Moreno,J"]
[Result "1/2-1/2"]
[WhiteElo "2405"]
[BlackElo "2493"]

1.e4 c5 2.Nf3 Nc6 3.d4 cxd4 4.Nxd4 Nf6 5.Nc3 d6 6.Bg5 e6 7.Qd2 a6 8.O-O-O Bd7
9.f4 b5 10.Bxf6 gxf6 11.Kb1 Qb6 12.Nxc6 Bxc6 13.Qe1 Ra7 14.Bd3 h5 15.f5 e5
16.Be2 h4 17.h3 Rc7 18.Nd5 Bxd5 19.Rxd5 Ke7 20.Bf3 Bg7 21.Qg1 Rb8 22.Qxb6 Rxb6
23.a3 Bh6 24.Rhd1 Be3 25.Be2 b4 26.a4 Bc5 27.Ka2 Rc8 28.Kb3 Rbc6 29.Rf1 Rg8
30.Bg4  1/2-1/2

[Event "Dutch Open"]
[Site "Dieren NED"]
[Date "2002.07.09"]
[Round "1"]
[White "Kritz,L"]
[Black "Van Otten,G"]
[Result "1-0"]
[WhiteElo "2454"]
[BlackElo "2153"]

1.e4 c5 2.Nf3 d6 3.d4 cxd4 4.Nxd4 Nf6 5.Nc3 Nc6 6.Bg5 e6 7.Qd2 Be7 8.O-O-O O-O
9.f3 a6 10.h4 Qc7 11.g4 Nxd4 12.Qxd4 b5 13.Be3 Bb7 14.g5 Nh5 15.Rg1 Rac8
16.Rd2 Rfd8 17.Qb6 Qxb6 18.Bxb6 Re8 19.Be3 b4 20.Na4 d5 21.exd5 Bxd5 22.Nb6 Bc5
23.Bxc5 Rxc5 24.Nxd5 exd5 25.Bxa6 Ra5 26.Bb7 Nf4 27.Rgd1 Rxa2 28.Kb1 Ra7
29.Bxd5 g6 30.Be4 Kg7 31.Rd7 Re7 32.Rxa7 Rxa7 33.Rd4 h6 34.Rxb4 hxg5 35.hxg5 Ne6
36.Rb5 Rd7 37.Kc1 Ra7 38.c3 Ra1+ 39.Bb1 Ra7 40.b4 Rc7 41.Kb2 Rd7 42.Re5 Rd2+
43.Ka3 Rf2 44.Be4 Rg2 45.Bd5 Rxg5 46.Rxg5 Nxg5 47.b5 Nh7 48.b6 Nf8 49.Bc6  1-0

[Event "Dutch Open"]
[Site "Dieren NED"]
[Date "2002.07.10"]
[Round "2"]
[White "Geirnaert,S"]
[Black "Mellegers,J"]
[Result "0-1"]
[WhiteElo "2160"]
[BlackElo "2280"]

1.e4 c5 2.Nf3 d6 3.d4 cxd4 4.Nxd4 Nf6 5.Nc3 Nc6 6.Bg5 e6 7.Qd2 Be7 8.O-O-O Nxd4
9.Qxd4 O-O 10.Bxf6 Bxf6 11.Qxd6 Qa5 12.Qg3 b6 13.Bc4 Bb7 14.Rhe1 Bxc3 15.Qxc3 Qxc3
16.bxc3 Rfc8 17.Rd4 Kf8 18.f4 Rc7 19.Red1 Rac8 20.Bb5 Bc6 21.Bxc6 Rxc6 22.Rd8+ Rxd8
23.Rxd8+ Ke7 24.Rd3 Rc4 25.Re3 e5 26.fxe5 Rc5 27.Rd3 Rxe5 28.Rd4 h5 29.h4 Re6
30.g3 Rg6 31.Rd3 Re6 32.Rd5 Rxe4 33.Rxh5 Rg4 34.Re5+ Kd6 35.Re3 f5 36.Kb2 Kd5
37.Kb3 b5 38.Rd3+ Ke5 39.Re3+ Kf6 40.a3 a5 41.Kb2 Re4 42.Rf3 Ke5 43.Rd3 Rg4
44.Kb3 g6 45.Kb2 Re4 46.Rd8 Rg4 47.Rb8 Rxg3 48.Rxb5+ Ke4 49.Rxa5 f4 50.Ra8 f3
51.Re8+ Kf4 52.Rf8+ Ke3 53.Re8+ Kf2 54.c4 Kg2 55.c5 f2 56.Re2 Rg4 57.Kb3 Kf3  0-1